Nové směry v hospodaření základními prostředky 2 Interremont. Moderní metody zajišťování provozuschopnosti základních prostředků

Salvato in:
Dettagli Bibliografici
Natura: Libro
Lingua:ceco
Pubblicazione: Praha Dům techn. ČSVTS 1989
Edizione:1. vyd.
Tags: Aggiungi Tag
Nessun Tag, puoi essere il primo ad aggiungerne!!

MARC

LEADER 00000nam a2200000 4500
001 c038289
005 20221215120258.2
041 0 |a cze 
044 |a CZ 
245 1 0 |a Nové směry v hospodaření základními prostředky 2  |b Interremont. Moderní metody zajišťování provozuschopnosti základních prostředků 
250 |a 1. vyd. 
264 1 |a Praha  |b Dům techn. ČSVTS  |c 1989 
300 |a 136 s.